A Guide to Drafting of Patent Applications with Special Emphasis on patent Agent Exam (Record no. 229743)

MARC details
000 -LEADER
fixed length control field 00499nam a2200193Ia 4500
008 - FIXED-LENGTH DATA ELEMENTS--GENERAL INFORMATION
fixed length control field 240823s9999||||xx |||||||||||||| ||und||
020 ## - INTERNATIONAL STANDARD BOOK NUMBER
International Standard Book Number 935279404-4
082 ## - DEWEY DECIMAL CLASSIFICATION NUMBER
-- 346.540486 Q7
100 ## - MAIN ENTRY--PERSONAL NAME
Personal name Jain R K
245 #2 - TITLE STATEMENT
Title A Guide to Drafting of Patent Applications with Special Emphasis on patent Agent Exam
250 ## - EDITION STATEMENT
Edition statement 1st
260 ## - PUBLICATION, DISTRIBUTION, ETC. (IMPRINT)
Date of publication, distribution, etc 2017
Name of publisher, distributor, etc ABC
500 ## - GENERAL NOTE
General note YES
650 ## - SUBJECT ADDED ENTRY--TOPICAL TERM
Topical term or geographic name as entry element Patent Applications
942 ## - ADDED ENTRY ELEMENTS (KOHA)
Item type Books
Holdings
Withdrawn status Lost status Damaged status Permanent location Current location Shelving location Date acquired Source of acquisition Cost, normal purchase price Full call number Barcode Date last seen Koha item type
      CENTRAL LIBRARY, NOORUL ISLAM CENTRE FOR HIGHER EDUCATION CENTRAL LIBRARY, NOORUL ISLAM CENTRE FOR HIGHER EDUCATION   05/31/2018 Gift from Chemistry Department 395.00 346.540486 Q7 78029 08/23/2024 Books
Visitors:
Copyright © 2024 Central Library NICHE.  All rights reserved.